000 00564cam a22002053a 4500
001 45974
003 PGUSA
005 20140828084055.0
008 140614s2014||||xxu|||||s|||||000 | eng d
040 _aPGUSA
_beng
042 _adc
100 1 _aGrey, Zane,
_d1872-1939
245 1 0 _aKen Ward in the Jungle
_h[electronic resource] /
_cZane Grey
260 _bProject Gutenberg,
_c2014
506 _aPublic domain in the USA.
516 _aElectronic text
830 0 _aProject Gutenberg
_v45974
856 4 0 _uhttp://www.gutenberg.org/ebooks/45974
942 _cEB
999 _c275223
_d275223